000 01306cam a22004094i 4500
003 PE-LiUPU
005 20250731173221.0
008 150625s1972 pau r 000 0 eng d
035 _a(Sirsi) a33736
040 _aPE-LiUPU
_bspa
_cPE-LiUPU
_erda
082 0 4 _a221.07
_bOTL
_221
100 1 _aVon Rad, Gerhard,
_eautor.
245 1 0 _aGenesis :
_bA commentary /
_cGerhard Von Rad.
264 1 _aPensilvania :
_bThe Westminster press,
_c1972.
300 _a440 páginas ;
_c23 centímetros.
336 _atext
_2rdacontent
337 _aunmediated
_2rdamedia
338 _avolume
_2rdacarrier
490 1 _a(The Old Testament Library)
505 0 _aThe Biblical primaveral history -- The Biblical patriarchal History.
526 _aSEG42
526 _aSEG41
526 _aSEG40
526 _aSEG39
526 _aP94
526 _aP87
526 _aP86
526 _aP85
526 _aP77
526 _aP76
526 _aP35
630 _aBiblia.
_pGénesis
_xCrítica e interpretación
942 _2ddc
_cBK
949 _a221.07 OTL 1
_wDEWEY
_c1
_i37797
_lCCODEBUL1
_mBUL
_p30.00
_r0
_sY
_tBOOK
_u2015-06-25
_xBIBLIOTECA
_zUNKNOWN
_0COMPRA
_o.STAFF. Colección Teología
980 _81
_gALBERTO SANCHEZ Responsable de Automatización
999 _c41516
_d41516